| 000 | 06180cam a22018614i 4500 | ||
|---|---|---|---|
| 003 | PE-LiUPU | ||
| 005 | 20250813165955.0 | ||
| 008 | 150709s2014 ck a rb 000 0 spa d | ||
| 020 | _a9789587622041 | ||
| 035 | _a(Sirsi) i9789587622041 | ||
| 040 |
_aPE-LiUPU _bspa _cPE-LiUPU _erda |
||
| 049 | _aPRUA | ||
| 082 | 0 | 4 |
_a657.42 _bV66 |
| 100 | 1 |
_aVillarreal Vásquez, Fernando, _eautor. |
|
| 245 | 1 | 0 |
_aCosto II método matricial FHER con aproximaciones a las NIC 02 y NIIF 08 : _bcuatro elemento del costo. Decreto reglamentario 2650 de 1993 y módulo de contabilidad de costos con normas internacionales / _cFernando Villarreal Vásquez, Carlos Augusto Rincón Soto. |
| 250 | _aPrimera edición. | ||
| 264 | 1 |
_aBogotá : _bEdiciones de la U, _c2014. |
|
| 300 |
_a366 páginas : _bilustraciones ; _c24 centímetros |
||
| 336 |
_atext _2rdacontent |
||
| 337 |
_aunmediated _2rdamedia |
||
| 338 |
_avolume _2rdacarrier |
||
| 490 | 0 | _aContabilidad y finanzas | |
| 504 | _aBibliografía : páginas 365-366. | ||
| 505 | 0 | _aMetodología docente -- Capítulo 1. Costos II, "con aproximaciones a la NIC 02 y a la NIIF 08" -- Costos por procesos o en línea -- Conjuntos y costos estándar para empresas de servicios e industriales -- Costos por procesos o en línea -- Costos por procesos o en línea -- Período de acumulación de costos de los sistemas de costos por proceso o en línea -- Clases de inventarios encontrados en los costos por procesos o en línea -- Métodos de valoración de los inventarios -- Capítulo 2. Costos conjuntos -- Coproductos, subproductos -- Definición de costos conjuntos -- Asignación de costos conjuntos -- Servicios directos como operación -- Capítulo 3. Costos estándar -- Costos estándar y estimados -- Tipos de estándares -- Contabilidad de costos estándar -- Capítulo 4. Costos en las Normas Internacionales de Contabilidad -- Introducción -- Estructura de la información de la contabilidad de costos -- Normas Internacionales de Contabilidad-NIC -- La Cuenta 7, como cuenta de inventario de producto en proceso -- Las cuentas de inventario en proceso para las empresas de servicio -- Otras cuentas de inventario en proceso en el Decreto 2650/93 del PUC -- Cuatro elementos del costo -- Algunas diferencias entre las NIIF y las normas contables tributarias -- NIC 2 Inventarios (existencias) -- Las cuentas de costos de producción en las Normas Internacionales de Contabilidad NIC/NIIF -- NIIF 08 Información de segmentos -- Taller final. | |
| 526 | _aP203 | ||
| 526 | _aP200 | ||
| 526 | _aSEG65 | ||
| 526 | _aSEG64 | ||
| 526 | _aSEG63 | ||
| 526 | _aSEG62 | ||
| 526 | _aSEG61 | ||
| 526 | _aSEG60 | ||
| 526 | _aSEG59 | ||
| 526 | _aSEG58 | ||
| 526 | _aSEG57 | ||
| 526 | _aSEG56 | ||
| 526 | _aSEG55 | ||
| 526 | _aSEG54 | ||
| 526 | _aSEG53 | ||
| 526 | _aSEG52 | ||
| 526 | _aSEG51 | ||
| 526 | _aSEG50 | ||
| 526 | _aSEG49 | ||
| 526 | _aSEG48 | ||
| 526 | _aSEG47 | ||
| 526 | _aSEG46 | ||
| 526 | _aSEG24 | ||
| 526 | _aSEG23 | ||
| 526 | _aSEG22 | ||
| 526 | _aSEG21 | ||
| 526 | _aSEG20 | ||
| 526 | _aSEG19 | ||
| 526 | _aSEG18 | ||
| 526 | _aSEG17 | ||
| 526 | _aSEG16 | ||
| 526 | _aSEG14 | ||
| 526 | _aSEG13 | ||
| 526 | _aSEG12 | ||
| 526 | _aSEG11 | ||
| 526 | _aSEG10 | ||
| 526 | _aSEG09 | ||
| 526 | _aSEG06 | ||
| 526 | _aSEG05 | ||
| 526 | _aSEG04 | ||
| 526 | _aSEG03 | ||
| 526 | _aSEG02 | ||
| 526 | _aSEG68 | ||
| 526 | _aSEG66 | ||
| 526 | _aSEG45 | ||
| 526 | _aSEG25 | ||
| 526 | _aSEG01 | ||
| 526 | _aP163 | ||
| 526 | _aP162 | ||
| 526 | _aP161 | ||
| 526 | _aP160 | ||
| 526 | _aP159 | ||
| 526 | _aP158 | ||
| 526 | _aP157 | ||
| 526 | _aP156 | ||
| 526 | _aP155 | ||
| 526 | _aP154 | ||
| 526 | _aP153 | ||
| 526 | _aP152 | ||
| 526 | _aP151 | ||
| 526 | _aP150 | ||
| 526 | _aP149 | ||
| 526 | _aP142 | ||
| 526 | _aP141 | ||
| 526 | _aP140 | ||
| 526 | _aP139 | ||
| 526 | _aP138 | ||
| 526 | _aP137 | ||
| 526 | _aP132 | ||
| 526 | _aP131 | ||
| 526 | _aP130 | ||
| 526 | _aP126 | ||
| 526 | _aP125 | ||
| 526 | _aP124 | ||
| 526 | _aP123 | ||
| 526 | _aP115 | ||
| 526 | _aP122 | ||
| 526 | _aP121 | ||
| 526 | _aP116 | ||
| 526 | _a P114 | ||
| 526 | _aP112 | ||
| 526 | _aP111 | ||
| 526 | _aP104 | ||
| 526 | _aP103 | ||
| 526 | _aP102 | ||
| 526 | _aP101 | ||
| 526 | _aP100 | ||
| 526 | _aP96 | ||
| 526 | _aP95 | ||
| 526 | _aP93 | ||
| 526 | _aP92 | ||
| 526 | _aP91 | ||
| 526 | _aP88 | ||
| 526 | _aP83 | ||
| 526 | _aP82 | ||
| 526 | _aP79 | ||
| 526 | _aP78 | ||
| 526 | _aP75 | ||
| 526 | _aP74 | ||
| 526 | _aP71 | ||
| 526 | _aP69 | ||
| 526 | _a P51 | ||
| 526 | _aP49 | ||
| 526 | _aP48 | ||
| 526 | _aP47 | ||
| 526 | _aP33 | ||
| 526 | _aP31 | ||
| 526 | _a P30 | ||
| 526 | _aP29 | ||
| 526 | _aP27 | ||
| 526 | _aP26 | ||
| 526 | _aP25 | ||
| 526 | _aP24 | ||
| 526 | _a P22 | ||
| 526 | _aP10 | ||
| 526 | _aP09 | ||
| 526 | _a P08 | ||
| 526 | _aP06 | ||
| 526 | _aP05 | ||
| 526 | _aP04 | ||
| 526 | _aP01 | ||
| 541 | _g001-0039190; | ||
| 541 | _g001-0039194; | ||
| 650 | 1 | 4 |
_aContabilidad de costos _xNormas internacionales. |
| 700 | 1 |
_aRincón Soto, Carlos Augusto, _eautor. |
|
| 910 |
_aaas _bjck _caas _d20150709 |
||
| 942 |
_2ddc _cBOOK |
||
| 949 |
_a657.42 V66 2014 _wDEWEY _c1 _iFJ00081 _lCCODEBUJ1 _mBUJ _p24.48 _r0 _sY _tBOOK _u2015-8-3 _xFCE _PP08 _0COMPRA _o.STAFF. Colección General Juliaca |
||
| 949 |
_a657.42 V66 _wDEWEY _c1 _i71578 _d2016-10-14 _e2016-10-13 _lCCODEBUL1 _mBUL _n7 _p24.61 _r0 _sY _tBOOK _u2015-7-9 _xFCE _0COMPRA _o.STAFF. Colección General |
||
| 994 |
_aC0 _bPEPRU |
||
| 596 | _a1 3 | ||
| 999 |
_a657.42 V66 _wDEWEY _c56346 _i71578 _d56346 _e2017-8-31 _f2021-11-5 _g6 _lCCODEBUL1 _mBUL _n10 _p24.61 _r0 _sY _tBOOK _u2015-7-9 _xFCE _PP08 _0COMPRA _o.STAFF. Colección General |
||
| 999 |
_a657.42 V66 2014 _wDEWEY _c1 _iFJ00081 _d2019-10-17 _e2018-4-2 _f2022-1-31 _g4 _lCCODEBUJ1 _mBUJ _n1 _p24.48 _q3 _r0 _sY _tBOOK _u2015-8-3 _xFCE _PP08 _0COMPRA _o.STAFF. Colección General Juliaca |
||
| 980 |
_81 _gALBERTO SANCHEZ Responsable de Automatización |
||